LEADER 00922nam0-2200277 --450 001 9910442059303321 005 20210318132341.0 010 $a0080243118$bpbk 010 $a0080243126$bhbk 100 $a20210318d1980----km y0itay50 ba 101 0 $aeng 102 $aGB 105 $aa 001yy 200 1 $a<>self-organizing universe$escientific and human implications of the emerging paradigm of evolution$fby Erich Jantsch 210 $aOxford [etc.]$cPergamon press$d1980 215 $aXVII, 343 p.$cill.$d24 cm 225 1 $aSystems science and world order library. Innovations in systems science 610 0 $aFondamenti delle scienze fisiche e naturali 700 1$aJantsch,$bErich$036756 801 0$aIT$bUNINA$gREICAT$2UNIMARC 901 $aBK 912 $a9910442059303321 952 $aF.D.i. 0698$bF.D.i 698$fFI1 959 $aFI1 996 $aSelf-organizing universe$91768584 997 $aUNINA